A Good Girl's Guide to Murder (Set Of 3 ) (Record no. 41503)

MARC details
000 -LEADER
fixed length control field 00499nam a2200193Ia 4500
003 - CONTROL NUMBER IDENTIFIER
control field OSt
005 - DATE AND TIME OF LATEST TRANSACTION
control field 20251117110547.0
008 - FIXED-LENGTH DATA ELEMENTS--GENERAL INFORMATION
fixed length control field 240719s9999 xx 000 0 und d
020 ## - INTERNATIONAL STANDARD BOOK NUMBER
International Standard Book Number 9780008534967
040 ## - CATALOGING SOURCE
Transcribing agency 1
041 ## - LANGUAGE CODE
Language code of text/sound track or separate title eng
082 ## - DEWEY DECIMAL CLASSIFICATION NUMBER
Classification number 823 JAC
100 ## - MAIN ENTRY--PERSONAL NAME
Personal name Jackson Holly
245 ## - TITLE STATEMENT
Title A Good Girl's Guide to Murder (Set Of 3 )
260 ## - PUBLICATION, DISTRIBUTION, ETC.
Place of publication, distribution, etc. London
Name of publisher, distributor, etc. Farshore HarperCollins
Date of publication, distribution, etc. 2021
300 ## - PHYSICAL DESCRIPTION
Extent 1456;. P. 22 CM
520 ## - SUMMARY, ETC.
Summary, etc. Faculty Purchase By Dr. Jitendra Sharma
942 ## - ADDED ENTRY ELEMENTS (KOHA)
Source of classification or shelving scheme Dewey Decimal Classification
Koha item type Books
Holdings
Withdrawn status Lost status Damaged status Not for loan Home library Current library Shelving location Date acquired Source of acquisition Cost, normal purchase price Total Checkouts Full call number Barcode Date due Date last seen Date last checked out Price effective from Koha item type
        IMTN IMTN Rack 40-B 07/16/2024 Amazon 839.00 4 823 JAC 33552 01/26/2026 01/16/2026 01/16/2026 06/28/2024 Books
Designed & Maintained by: LRC IMT Nagpur Contact: lrc@imtnag.ac.in© 2024. All Rights Reserved.